Just 3 Words: TV Shows II Quiz Stats

 Plays Quiz Updated Jun 24, 2016

Challenge
Share
Tweet
Embed
Score 0/30 Timer 05:00
0 Plays Today
3 Words Show % Correct
Dinosaurs. Yabba-Dabba-Doo. Bowling. The Flintstones
87.8%
Lifeguard. Running. Red.Baywatch
85.9%
Puppets. Education. Pre-School.Sesame Street
81.1%
Bar. Boston. Waitress.Cheers
78.6%
Daily. Double. Trivia.Jeopardy!
77.7%
Radio. Psychiatrist. Seattle.Frasier
73.2%
Tardis. Companion. British.Doctor Who
72.1%
Mystery. Snacks. Jinkies. Scooby-Doo, Where Are You!
72%
Crime. Mafia. Prozac. The Sopranos
69.3%
Singing. McKinley. Club.Glee
68.1%
Waffles. Councilwoman. Pawnee.Parks and Recreation
64%
Ayyy. Shark. A-Mundo.Happy Days
60.1%
Surgeon. Seattle. Crash.Grey's Anatomy
57.6%
Paper. Boss. BeetsThe Office (US)
56.1%
Cheerleader. Powers. Future.Heroes
54.8%
3 Words Show % Correct
Murderer. Police. Miami. Dexter
45.1%
Babies. Reptar. Twins.Rugrats
44%
Space. Western. Serenity. Firefly
43.7%
NBC. TGS. Blurg.30 Rock
42%
Congressman. Power. Whip.House of Cards (US)
41.4%
Cornballer. Banana. Nevernude.Arrested Development
40.5%
Detective. Camera. Student. Veronica Mars
35.1%
Fashion. Magazine. Poncho.Ugly Betty
33.9%
Chilton. Yale. Coffee. Gilmore Girls
32.4%
Vigilantes. 1972. Fool. The A-Team
31.9%
Notebook. Thinking. Paw.Blue's Clues
31.4%
Wealthy. Secrets. Manhattan.Gossip Girl
28.3%
Teenagers. Massachusetts. Crying.Dawson's Creek
23.8%
Chosen. Watcher. Gang. Buffy the Vampire Slayer
20.8%
Spy. Naco. Sitch.Kim Possible
13.2%

You're not logged in!

Compare scores with friends on all Sporcle quizzes.
Join for Free
OR
Log In

You Might Also Like...

Show Comments

Extras

Top Quizzes Today


Score Distribution

Your Account Isn't Verified!

In order to create a playlist on Sporcle, you need to verify the email address you used during registration. Go to your Sporcle Settings to finish the process.

Report this User

Report this user for behavior that violates our Community Guidelines.

Details: